000 00553cam a22002053a 4500
001 42028
003 PGUSA
005 20140828083941.0
008 130206s2013||||xxu|||||s|||||000 | eng d
040 _aPGUSA
_beng
042 _adc
100 1 _aRivier, A.
245 1 0 _aEn Rusujo per Esperanto
_h[electronic resource] /
_cA. Rivier
260 _bProject Gutenberg,
_c2013
506 _aPublic domain in the USA.
516 _aElectronic text
830 0 _aProject Gutenberg
_v42028
856 4 0 _uhttp://www.gutenberg.org/ebooks/42028
942 _cEB
999 _c271280
_d271280